|
|
|
|
| LEADER |
00000nam0a2200000 4500 |
| 001 |
123602 |
| 005 |
20231101215821.0 |
| 035 |
|
|
|a (RuTPU)RU\TPU\book\133786
|
| 090 |
|
|
|a 123602
|
| 100 |
|
|
|a 20071022d1972 k y0rusy50 ca
|
| 101 |
0 |
|
|a rus
|
| 102 |
|
|
|a RU
|
| 105 |
|
|
|a a b 000zy
|
| 200 |
1 |
|
|a Машины и оборудование для проходки шахтных стволов буро-взрывным способом
|e каталог-справочник
|f Научно-исследовательский институт информации по тяжелому, энергетическому и транспортному машиностроению; сост. Н. С. Заплатин, Ю. А. Гуревич
|
| 210 |
|
|
|a Москва
|c НИИИНФОРМТЯЖМАШ
|d 1972
|
| 215 |
|
|
|a 68 с.
|c ил.
|
| 333 |
|
|
|a Исключено из фонда НТБ ТПУ
|
| 702 |
|
1 |
|a Заплатин
|b Н. С.
|4 220
|
| 702 |
|
1 |
|a Гуревич
|b Ю. А.
|4 220
|
| 712 |
0 |
2 |
|a Научно-исследовательский институт информации по тяжелому, энергетическому и транспортному машиностроению
|9 24456
|
| 801 |
|
1 |
|a RU
|b 63413507
|c 20071022
|g PSBO
|
| 801 |
|
2 |
|a RU
|b 63413507
|c 20220617
|g RCR
|
| 942 |
|
|
|c BK
|